000 01133nam0a22003011 4500
001 v19\rc\1592987
005 20260406110410.0
035 _a(NLR Aleph) 004717087
090 _a4280593
_c4280593
100 _a20061002d1895 |||y0rusy50 ca
101 0 _arus
102 _aRU
105 _ay z |||||
200 1 _aДоклад Экономическому Совету Казанского губернского земства губернского земского агронома Г.А. Любарского
210 _aКазань
_d[1895]
215 _a29 с.
_d25
309 _aБез тит. л. и обл.
702 1 _aЛюбарский
_bГ.А.
_gГригорий Абрамович
_4220
710 0 2 _aКазанский губернский земский агроном
_3RU\NLR\AUTH\885567
_9282830
712 0 2 _aКазанский губ. земский экономический совет
801 0 _aRU
_bNLR
_gpsbo
801 0 _aRU
_bRuMoRGB
_2psbo
801 1 _aRU
_bProSoft-M
_2rusmarc
852 _aNLR
_bЗем
_j13/54
899 _aБАН
899 _aRuMoRGB
_jS 13/370
942 _cBOOK
980 _aNB